000 00850nam a22002415i 4500
001 177822
003 ES-MaACL
005 20251005063135.0
008 110428s2009 sp afo |||| | spa d
017 _aM.554-2009
020 _a9788497348041
080 _a929.731-055.2(460)"17/20"
100 1 _aRubio, María José,
_d1965-
_9146322
245 1 0 _aReinas de España
_b: siglos XVIII-XXI : de María Luisa Gabriela de Saboya a Letizia Ortiz /
_cMaría José Rubio.
250 _a1ª ed.
260 _aMadrid :
_bLa Esfera de los Libros,
_c2009.
300 _a969, [48] p. de lám. col. :
_bil. bl. y n. ;
_c25 cm.
651 7 _aEspaña-
_xReinas-
_vBiografías
_2
_9146323
852 _aES-MaACL
_9R.145747
_jA -11117
_dOlim:N-4122
_cDEPO1
942 _2udc
_cMONOGRAFIA
999 _c177822
_d177822